000
00221nam a2200097Ia 4500
005
20251222114400.0
008
251222s1900||||xx |||||||||||||| ||spa||
082
_a
DVD0195/S12/2002
245
0
_a
La sábana santa
942
_c
DVD
999
_c
1591
_d
1591